[Event "It (open) (b)"]
[Site "masterchessopen.com Bydgoszcz (Poland)"]
[Round "5"]
[White "Bronowicki Mateusz (POL)"]
[Black "Kuzin Eduard (RUS)"]
[Result "0-1"]
[WhiteElo "2103"]
[BlackElo "2163"]

1.d4 Nf6 2.c4 e6 3.Nc3 Bb4 4.Qc2 d6 5.e3 Nbd7 6.Bd3 O-O 7.Ne2 c6 8.a3 Ba5
9.O-O Bc7 10.e4 e5 11.d5 a5 12.Na4 Nb6 13.Bg5 h6 14.Bd2 Nxa4 15.Qxa4 Bd7
16.Qc2 Bb6 17.b4 axb4 18.axb4 Qe7 19.h3 cxd5 20.cxd5 Nh5 21.Kh2 Rxa1 22.Rxa1
Rc8 23.Qd1 Bxf2 24.Be1 Bb6 25.g3 Qf6 26.Ng1 Qg5 27.Nf3 Qe3 28.Ra2 Rc1 29.Qe2
Rxe1 30.Qxe1 Qxd3 31.Nh4 g6 32.Rd2 Qc3 {#R} 0-1

[Event "Ch Russia (juniors) (under 16)"]
[Site "masterchessopen.com Cherepovets (Russia)"]
[Round "0"]
[White "Zverev Artem (RUS)"]
[Black "Sharankov Grigory (RUS)"]
[Result "1-0"]
[WhiteElo "2081"]
[BlackElo "2120"]

1.d4 Nf6 2.c4 e6 3.Nc3 Bb4 4.Qc2 d6 5.Nf3 Nbd7 6.Bg5 b6 7.e3 Bb7 8.Be2 Qe7
9.O-O Bxc3 10.bxc3 h6 11.Bxf6 gxf6 12.Nd2 f5 13.Bf3 Bxf3 14.Nxf3 Rg8 15.Qa4 f6
16.Qc6 Qd8 17.Rfe1 e5 18.c5 Ke7 19.Nh4 bxc5 20.Nxf5+ Ke6 21.e4 Nb6 22.d5+ Kf7
23.Nxh6+ Kf8 24.Nxg8 Kxg8 25.Qb5 {#r} 1-0

[Event "Bayern Landesliga South 2000/01"]
[Site "masterchessopen.com Germany"]
[Round "5"]
[White "Andersen Jens Knud (GER)"]
[Black "Hecht Hans-Joachim (GER)"]
[Result "1/2-1/2"]
[WhiteElo "2215"]
[BlackElo "2418"]

1.d4 e6 2.c4 Bb4+ 3.Nc3 Nf6 4.Qc2 d6 5.g3 O-O 6.Bg2 Nc6 7.e3 e5 8.d5 Ne7 9.Ne2
c6 10.a3 Ba5 11.O-O cxd5 12.cxd5 Bd7 13.b4 Bb6 14.Bb2 Rc8 15.Qd2 Ng6 16.a4 a6
17.a5 Ba7 18.Ba3 Qe7 19.Rab1 e4 20.b5 axb5 21.Nxb5 Bc5 22.Bxc5 Rxc5 23.Nbd4
Bc8 24.Nc3 h5 25.Nb3 Rc4 26.Qb2 Qe5 27.Rfc1 h4 28.Nd2 Rc5 29.Nb3 Rc4 30.Nd2
Rc7 31.Na4 Rxc1+ 32.Rxc1 hxg3 33.Qxe5 gxf2+ 34.Kxf2 Nxe5 35.Kg3 Bf5 36.Nb6 Nd3
37.Rc7 g5 38.h3 Rb8 39.Ndc4 Ne8 40.Re7 Kf8 41.Rxe8+ Rxe8 42.Nxd6 Re5 43.Nxf5
Rxf5 44.Bxe4 Re5 45.Nd7+ Ke7 46.Nxe5 Nxe5 47.d6+ Kxd6 48.Bxb7 Kc5 49.h4 gxh4+
50.Kxh4 Nc4 51.a6 Kb6 52.e4 Nd6 53.Kg5 Nxe4+ {#d} 1/2-1/2

[Event "Ch Norway (qual)"]
[Site "masterchessopen.com Norway"]
[Round "1"]
[White "Bjerke Silje (NOR)"]
[Black "Guddahl Viggo (NOR)"]
[Result "1-0"]
[WhiteElo "2071"]
[BlackElo "2184"]

1.d4 Nf6 2.c4 e6 3.Nc3 Bb4 4.Qc2 d6 5.a3 Bxc3+ 6.Qxc3 Nc6 7.Nf3 a5 8.b3 h6
9.e3 O-O 10.Bb2 Re8 11.Rd1 Qe7 12.Be2 e5 13.d5 Nb8 14.O-O Bg4 15.Rfe1 Nbd7
16.b4 Ne4 17.Qc2 f5 18.Nd2 Bxe2 19.Rxe2 axb4 20.axb4 Nxd2 21.Rdxd2 e4 22.Re1
b6 23.Rc1 Qg5 24.h3 f4 25.exf4 Qxf4 26.Re2 Re7 27.Rce1 Rae8 28.Re3 Qh4 29.Rg3
Qf4 30.Rg4 Qf5 31.f3 Nf6 32.Bxf6 Qxf6 33.Rgxe4 Rxe4 34.Rxe4 Ra8 35.Qe2 Qc3
36.Re7 Qc1+ 37.Kh2 Qf4+ 38.g3 Qd4 39.Re8+ Rxe8 40.Qxe8+ {#r} 1-0

[Event "Ch Ural"]
[Site "masterchessopen.com Orsk (Russia)"]
[Round "8"]
[White "Yarovik Yu (RUS)"]
[Black "Kuzuev Danil (RUS)"]
[Result "0-1"]
[WhiteElo "2412"]
[BlackElo "2438"]

1.d4 Nf6 2.c4 e6 3.Nc3 Bb4 4.Qc2 d6 5.Nf3 Nbd7 6.Bd2 b6 7.e4 Bb7 8.Bd3 c5
9.O-O Bxc3 10.bxc3 Qc7 11.d5 O-O 12.dxe6 fxe6 13.Ng5 Qc6 14.Nxe6 Rfe8 15.Nf4
Nxe4 16.f3 Nxd2 17.Bxh7+ Kh8 18.Ng6+ Kxh7 19.Ne7+ Kh8 20.Nxc6 Nxf1 21.Nxa7
Rxa7 22.Rxf1 Ne5 23.Qb1 Rea8 24.Qxb6 Bc6 25.Qb1 Rxa2 26.Qf5 Kg8 27.Qe6+ Nf7
28.Rb1 Re8 29.Qh3 Ree2 30.Rb8+ Be8 31.Kf1 Re7 32.Qf5 Ra3 33.Qd3 Ra6 34.f4 Nh6
35.h3 Kf8 36.g4 Nf7 37.Kf2 Ra2+ 38.Kg3 Rae2 39.Qf5 R7e3+ 40.Kh4 Rh2 41.g5
Rhxh3+ 42.Qxh3 Rxh3+ 43.Kxh3 Ke7 44.Kh4 g6 45.Rb7+ Ke6 46.f5+ gxf5 47.g6 Ne5
48.g7 Bf7 49.Rb8 Ng6+ 50.Kg5 Ne7 51.Rb1 Bg8 52.Re1+ Kf7 53.Rd1 Nc8 54.Kh6 Kf6
55.Rg1 f4 56.Rf1 Ne7 57.Rxf4+ Nf5+ 58.Kh5 Be6 59.Rf3 Kxg7 60.Kg5 Nh6 {#R} 0-1

[Event "Ch Bulgaria (w)"]
[Site "masterchessopen.com Plovdiv (Bulgaria)"]
[Round "8"]
[White "Plachkinova Tatjana G (BUL)"]
[Black "Andreeva Mariya (BUL)"]
[Result "1-0"]
[WhiteElo "2145"]
[BlackElo "2085"]

1.d4 Nf6 2.c4 e6 3.Nc3 Bb4 4.Qc2 d6 5.Nf3 Bxc3+ 6.Qxc3 b6 7.Bg5 h6 8.Bh4 Bb7
9.Nd2 Nbd7 10.f3 c5 11.e3 Qe7 12.Bd3 O-O 13.O-O Rfc8 14.a3 cxd4 15.exd4 d5
16.Qb3 dxc4 17.Bxc4 Qd6 18.Bf2 Qf4 19.Rad1 Nd5 20.Rfe1 N7f6 21.Ne4 Qc7 22.Rc1
Qd7 23.Qd3 Nf4 24.Nxf6+ gxf6 25.Qe3 b5 26.Qxf4 bxc4 27.Qxf6 Qb5 28.Qxh6 Qxb2
29.Rb1 Qxa3 30.Rxb7 c3 31.Qg5+ Kf8 32.Qf6 {#r} 1-0

[Event "Cup Itau (open)"]
[Site "masterchessopen.com Sao Paulo (Brazil)"]
[Round "6"]
[White "Lima Darcy (BRA)"]
[Black "Trois Francisco R T (BRA)"]
[Result "1-0"]
[WhiteElo "2543"]
[BlackElo "2357"]

1.d4 Nf6 2.c4 e6 3.Nc3 Bb4 4.Qc2 d6 5.Bg5 h6 6.Bh4 Nbd7 7.e3 b6 8.Ne2 Bb7 9.a3
Bxc3+ 10.Nxc3 O-O 11.f3 a6 12.Be2 c5 13.dxc5 bxc5 14.O-O Qb6 15.e4 Rab8
16.Rad1 Rfd8 17.Rd2 Nf8 18.f4 Qc7 19.Qd3 {#r} 1-0

[Event "Ch Spain (team) (2 div)"]
[Site "masterchessopen.com Spain"]
[Round "3"]
[White "Herraiz Hidalgo Herminio (ESP)"]
[Black "Corral Blanco Juan Antonio (ESP)"]
[Result "1/2-1/2"]
[WhiteElo "2435"]
[BlackElo "2463"]

1.d4 Nf6 2.c4 e6 3.Nc3 Bb4 4.Qc2 d6 5.Bg5 h6 6.Bh4 Nc6 7.e3 Bxc3+ 8.Qxc3 Qe7
9.Bd3 e5 10.d5 Nb8 11.Ne2 a5 12.f3 b6 13.Bf2 Na6 14.e4 Bd7 15.b3 O-O 16.g4 Nc5
17.Rg1 c6 18.dxc6 Bxc6 19.Ng3 g6 20.h4 Nh7 21.Be3 Qxh4 22.O-O-O Rfc8 23.Be2 b5
24.Rxd6 Nd7 25.Nf5 gxf5 26.Rxh6 {#d} 1/2-1/2

[Event "Memorial I.Zanic (cat.8)"]
[Site "masterchessopen.com Stara Pazova (Yugoslavia)"]
[Round "4"]
[White "Prelevic Dusko (SRB)"]
[Black "Ostojic Nikola (SRB)"]
[Result "1-0"]
[WhiteElo "2358"]
[BlackElo "2479"]

1.d4 Nf6 2.c4 e6 3.Nc3 Bb4 4.Qc2 d6 5.Nf3 Nbd7 6.Bg5 h6 7.Bh4 c5 8.O-O-O g5
9.Bg3 g4 10.Nh4 cxd4 11.Rxd4 Qa5 12.Nb5 a6 13.Nxd6+ Bxd6 14.Rxd6 Qxa2 15.Qc3
Rg8 16.f3 b5 17.e4 gxf3 18.gxf3 bxc4 19.Bxc4 Qa1+ 20.Kc2 Qxh1 21.Rd1 Nxe4
22.Qe3 Nxg3 23.Rxh1 Nxh1 24.Bxe6 Kd8 25.Bd5 Rb8 26.Nf5 Re8 27.Qc3 Nf2 28.Qa5+
Rb6 29.Nd4 Kc7 30.Qd2 Re5 31.Qc3+ Kd6 32.Ba8 Rc5 33.Nf5+ {#r} 1-0

[Event "Ch Sweden (team) 2001/02"]
[Site "masterchessopen.com Stockholm (Sweden)"]
[Round "3"]
[White "Ivanov Sergey_ (RUS)"]
[Black "Gausel Einar (NOR)"]
[Result "1/2-1/2"]
[WhiteElo "2556"]
[BlackElo "2520"]

1.d4 Nf6 2.c4 e6 3.Nc3 Bb4 4.Qc2 d6 5.a3 Bxc3+ 6.Qxc3 Nbd7 7.Bg5 h6 8.Bh4 g5
9.Bg3 Ne4 10.Qc2 f5 11.e3 Ndf6 12.Ne2 Qe7 13.h4 Nh5 14.Bh2 g4 15.Nf4 Nxf4
16.Bxf4 e5 17.dxe5 dxe5 18.Bh2 Bd7 19.Bd3 Bc6 20.O-O-O O-O-O 21.f3 gxf3
22.gxf3 Nc5 23.Bxf5+ Kb8 24.Qe2 e4 25.fxe4 Bxe4 26.Bxe4 Qxe4 27.Qc2 Rd3
28.Rhf1 Qxe3+ 29.Kb1 Rhd8 30.Rde1 Qh3 31.Rf7 R3d7 32.Rxd7 Qxd7 33.Re5 b6
34.Rd5 Qe7 35.b4 Rxd5 36.cxd5 Nb7 37.h5 Nd6 38.Bxd6 Qxd6 39.Qf5 Kb7 40.Kb2
Qh2+ 41.Kb3 Qg3+ 42.Kb2 Qh2+ {#d} 1/2-1/2

[Event "It (open)"]
[Site "masterchessopen.com Voronezh (Russia)"]
[Round "5"]
[White "Synbulatov Vladimir (RUS)"]
[Black "Lukjanenko Alexander (RUS)"]
[Result "0-1"]
[WhiteElo "2257"]
[BlackElo "2423"]

1.d4 Nf6 2.c4 e6 3.Nc3 Bb4 4.Qc2 d6 5.Nf3 O-O 6.Bd2 Nbd7 7.a3 Bxc3 8.Bxc3 Qe7
9.e4 e5 10.d5 Nh5 11.g3 f5 12.exf5 Nc5 13.Nh4 e4 14.O-O-O Bd7 15.Qe2 Qf7
16.Qe3 Bxf5 17.Nxf5 Qxf5 18.Be2 Rae8 19.Bd4 Nf6 20.g4 Qg6 21.h4 Nfd7 22.Kb1
Ne5 23.h5 Qf6 24.h6 g6 25.Rhf1 b6 26.f4 exf3 27.Bxf3 Qf4 28.Qc3 Na4 29.Qb3
Nxf3 30.Qxa4 Nd2+ 31.Rxd2 Qxd2 32.Rxf8+ Rxf8 33.Bg7 Rf1+ 34.Ka2 Qe2 35.Qd7
Qxc4+ 36.b3 Qc2+ {#R} 0-1

[Event "Ch Georgia (w)"]
[Site "masterchessopen.com Tbilisi (Georgia)"]
[Date "2001.04.01"]
[Round "1"]
[White "Epitashvili Ketevan (GEO)"]
[Black "Pkhakadze Natia (GEO)"]
[Result "1-0"]
[WhiteElo "2173"]
[BlackElo "2192"]

1.d4 Nf6 2.c4 e6 3.Nc3 Bb4 4.Qc2 d6 5.f3 Nbd7 6.e4 O-O 7.Bd3 e5 8.d5 Nc5 9.Ne2
Ne8 10.Ng3 Qh4 11.Bd2 Bxc3 12.Qxc3 f5 13.O-O-O fxe4 14.Bxe4 Nxe4 15.Nxe4 Bf5
16.Bg5 Qh5 17.g4 Bxg4 18.fxg4 Qxg4 19.Rde1 c6 20.Qg3 Qd7 21.Rhf1 Rf7 22.Kb1
cxd5 23.cxd5 Rc8 24.Be3 Rc4 25.Ng5 Rf6 26.Ne6 Qf7 27.Qg2 a6 28.Rxf6 Nxf6
29.Rf1 Rg4 30.Qc2 Qd7 31.Qf5 Rg6 32.h4 Qb5 33.Bg5 Qxd5 34.h5 {#r} 1-0

[Event "It (open)"]
[Site "masterchessopen.com Arco (Italy)"]
[Round "1"]
[White "Loomans John (NED)"]
[Black "Haldemann Paul (SUI)"]
[Result "1/2-1/2"]
[WhiteElo "2030"]
[BlackElo "2205"]

1.c4 Nf6 2.Nc3 e6 3.d4 Bb4 4.Qc2 d6 5.a3 Bxc3+ 6.Qxc3 Nbd7 7.Nf3 O-O 8.Qc2 b6
9.Bg5 Bb7 10.e3 h6 11.Bh4 Qe7 12.Be2 c5 13.O-O Rac8 14.Qd3 Rfe8 15.Rac1 e5
16.Qb1 cxd4 17.exd4 e4 18.Ne1 d5 19.cxd5 g5 20.Bg3 Nxd5 21.Nc2 f5 22.f3 f4
23.Be1 N7f6 24.fxe4 Qxe4 25.Bf3 Qd3 26.Nb4 Nxb4 27.Bxb7 Qxb1 28.Rxb1 Rc7
29.Bxb4 Rxb7 30.Rbd1 Rc7 31.Rfe1 {#d} 1/2-1/2

[Event "It (cat.8)"]
[Site "masterchessopen.com Belgrade (Yugoslavia)"]
[Round "8"]
[White "Lundin Jan (SWE)"]
[Black "Abramovic Bosko (SRB)"]
[Result "0-1"]
[WhiteElo "2220"]
[BlackElo "2492"]

1.d4 Nf6 2.c4 e6 3.Nc3 Bb4 4.Qc2 d6 5.e4 Nbd7 6.f3 O-O 7.a3 Bxc3+ 8.Qxc3 e5
9.Bg5 h6 10.Be3 a5 11.O-O-O Qe7 12.Ne2 a4 13.Ng3 Nb8 14.Kb1 Nc6 15.d5 Na5
16.c5 Nb3 17.c6 bxc6 18.Qxc6 Ra5 19.Qc3 Bd7 20.Qxc7 g6 21.Bxh6 Rc8 22.Qb6 Raa8
23.Qe3 Rab8 24.h4 Qd8 25.h5 Qc7 26.Bd3 Nd4 27.Rd2 Rb3 28.Bg5 Bb5 29.hxg6 Bxd3+
30.Ka1 Rxa3+ 31.bxa3 Qc3+ 32.Rb2 Qxa3+ 33.Ra2 Nb3# 0-1

[Event "It (cat.13) (active)"]
[Site "masterchessopen.com Benidorm (Spain)"]
[Round "3"]
[White "Vera Reynaldo (CUB)"]
[Black "Kurajica Bojan (CRO)"]
[Result "0-1"]
[WhiteElo "2549"]
[BlackElo "2550"]

1.d4 Nf6 2.c4 e6 3.Nc3 Bb4 4.Qc2 d6 5.e3 O-O 6.Bd3 e5 7.Ne2 c6 8.O-O Re8 9.a3
Ba5 10.b4 Bc7 11.Bb2 Nbd7 12.Rad1 Qe7 13.Ng3 Nf8 14.Bf5 exd4 15.Rxd4 Be6
16.Bxe6 fxe6 17.Rfd1 d5 18.Qb3 Be5 19.R4d2 Ng4 20.Nce2 Ng6 21.h3 Nf6 22.Bd4
Qf7 23.b5 h5 24.bxc6 bxc6 25.cxd5 cxd5 26.f3 Bxd4 27.exd4 h4 28.Nf1 Rab8
29.Qa4 Rec8 30.Rc2 Nh5 31.Ne3 Ngf4 32.Ng4 Rc4 33.Rxc4 Nxe2+ 34.Kf2 dxc4
35.Kxe2 c3 36.Kf1 Qf5 37.Ne3 Qf4 38.Re1 Ng3+ 39.Kg1 Qxe3+ 40.Rxe3 Rb1+ 41.Re1
Rxe1+ 42.Kf2 Re2+ 43.Kg1 c2 {#R} 0-1

[Event "Olympiad"]
[Site "masterchessopen.com Bled (Slovenia)"]
[Round "12"]
[White "Ivanisevic Ivan (SRB)"]
[Black "Kurajica Bojan (CRO)"]
[Result "1/2-1/2"]
[WhiteElo "2555"]
[BlackElo "2550"]

1.d4 Nf6 2.c4 e6 3.Nc3 Bb4 4.Qc2 d6 5.Nf3 O-O 6.g3 e5 7.Bg2 Re8 8.O-O e4 9.Ng5
Bxc3 10.Qxc3 h6 11.Nh3 d5 12.b3 Nc6 13.Rd1 Ne7 14.f3 c6 15.Nf2 Ng6 16.fxe4
dxe4 17.Rf1 Bf5 18.Bb2 Qd7 19.Rad1 Rac8 20.d5 cxd5 21.g4 Nf4 22.Qe3 Nxg2
23.Kxg2 Nxg4 24.Qg3 Rc6 25.Rxd5 Rg6 26.Nd1 Ne5 27.Rxd7 Rxg3+ 28.Kxg3 Bxd7
29.Ne3 Ng6 30.Rd1 Be6 31.h4 f6 32.h5 Nf8 33.Nd5 Bf7 34.Kg4 Be6+ 35.Kf4 Bf7
36.Kg4 a6 37.Bc3 Nd7 38.Nc7 Re7 39.Nd5 Re8 40.Nc7 Ne5+ 41.Kf5 Re7 42.Nd5 Re8
43.Nc7 {#d} 1/2-1/2

[Event "Cup European Club (final)"]
[Site "masterchessopen.com Halkidiki (Greece)"]
[Round "7"]
[White "Golod Vitali (ISR)"]
[Black "Bogdanovski Vlatko (MKD)"]
[Result "1-0"]
[WhiteElo "2532"]
[BlackElo "2449"]

1.d4 Nf6 2.c4 e6 3.Nc3 Bb4 4.Qc2 d6 5.Bg5 Nbd7 6.e3 c5 7.Bd3 Qa5 8.Ne2 cxd4
9.Bxf6 Nxf6 10.exd4 d5 11.c5 b6 12.c6 Ba6 13.O-O Rc8 14.a3 Bxc3 15.Nxc3 Bxd3
16.Qxd3 b5 17.Qxb5 Qxb5 18.Nxb5 Rxc6 19.Nxa7 Rb6 20.a4 Rxb2 21.Rfb1 Rxb1+
22.Rxb1 Ke7 23.Rb7+ Nd7 24.a5 Ra8 25.a6 g5 26.Nc6+ Kd6 27.Nb4 f6 28.a7 Rc8
29.h4 Rc1+ 30.Kh2 Ra1 31.hxg5 fxg5 32.g4 h6 33.Kg2 Ra4 34.Kf1 {#r} 1-0

[Event "Ch Russia"]
[Site "masterchessopen.com Krasnodar (Russia)"]
[Round "1"]
[White "Grachev Boris (RUS)"]
[Black "Kiriakov Petr (RUS)"]
[Result "1/2-1/2"]
[WhiteElo "2483"]
[BlackElo "2553"]

1.d4 e6 2.c4 Nf6 3.Nc3 Bb4 4.Qc2 d6 5.Nf3 Nbd7 6.g3 b6 7.Bg2 Bb7 8.O-O Bxc3
9.Qxc3 O-O 10.b3 Qe7 11.Bb2 a5 12.Rad1 Be4 13.Rfe1 c6 14.Bh3 d5 15.Nd2 Bg6
16.Bg2 Rfc8 17.e4 dxe4 18.Nxe4 Bxe4 19.Bxe4 Nxe4 20.Rxe4 Nf6 21.Ree1 b5 22.Qf3
bxc4 23.bxc4 Qb4 24.Qe2 Rab8 25.Ba1 Re8 26.Qc2 Nd7 27.Rb1 Qa3 28.Rbc1 Qb4
29.Re3 a4 30.a3 Qa5 31.Qe4 Qc7 32.Qc2 Qa7 33.Rd1 Qa6 34.Rde1 Rec8 35.Qe2 Nf8
36.h4 Rb7 37.Bc3 Rd7 38.Re5 Qb7 39.Ba1 h6 40.Re3 Qa6 41.Rb1 Rb7 42.Rxb7 Qxb7
{#d} 1/2-1/2

[Event "It (open)"]
[Site "masterchessopen.com Skopje (Macedonia)"]
[Round "4"]
[White "Ivanisevic Ivan (SRB)"]
[Black "Bogdanovski Vlatko (MKD)"]
[Result "1-0"]
[WhiteElo "2555"]
[BlackElo "2449"]

1.d4 Nf6 2.c4 e6 3.Nc3 Bb4 4.Qc2 d6 5.Nf3 Nbd7 6.g3 b6 7.Bg2 Bb7 8.O-O Bxc3
9.Qxc3 O-O 10.b3 c5 11.Bb2 Qc7 12.Rfd1 Be4 13.Rac1 Qb7 14.dxc5 dxc5 15.Rd2
Rfe8 16.Rcd1 Re7 17.Bh3 Bc6 18.Ne5 Nxe5 19.Qxe5 h6 20.g4 Qc7 21.Rd6 Ne8 22.g5
hxg5 23.Rxc6 Qxc6 24.Bg2 Qc8 25.Qxg5 f6 26.Qg6 Rb8 27.Be4 f5 28.Bf3 Qc7 29.Kh1
Rd8 30.Rg1 Rd2 31.Bc1 Qd6 32.Bxd2 Qxd2 33.Kg2 Nf6 34.e3 Qd8 35.Kh1 Kf8 36.h4
Rd7 37.Qg3 Qc7 38.Qg5 Rd2 39.Kg2 Qe7 40.Qg3 e5 41.Rd1 Rxd1 42.Bxd1 Ne4 43.Qg6
Qf6 44.Qh7 Ke7 45.Bf3 Nc3 46.a3 Nb1 47.Bh5 Nc3 48.Qg8 Qf8 49.Qxf8+ Kxf8 50.Bg6
Nb1 51.Bxf5 Nxa3 52.Bd3 a6 53.Kf3 Ke7 54.Ke4 Ke6 55.f4 exf4 56.exf4 b5 57.f5+
Kf6 58.Kd5 bxc4 59.bxc4 a5 60.Kxc5 Ke5 61.h5 Kf6 62.Kd5 {#r} 1-0

[Event "Memorial A. Petrov (open)"]
[Site "masterchessopen.com St. Petersburg (Russia)"]
[Round "6"]
[White "Kryschilovskij Andrej (RUS)"]
[Black "Chepukaitis Genrikh (RUS)"]
[Result "1-0"]
[WhiteElo "2384"]
[BlackElo "2388"]

1.d4 e6 2.c4 Nf6 3.Nc3 Bb4 4.Qc2 d6 5.a3 Bxc3+ 6.Qxc3 a5 7.b3 b6 8.f3 c5 9.d5
O-O 10.e4 Re8 11.Bb2 Nbd7 12.dxe6 fxe6 13.O-O-O a4 14.Rxd6 e5 15.Ne2 Qe7
16.Rd1 Nb8 17.b4 Nc6 18.b5 Nd4 19.Qe3 Be6 20.Nc3 Qf7 21.Nd5 Nxd5 22.exd5 Bf5
23.Bd3 Qg6 24.Bxf5 Qxf5 25.Qd3 e4 26.fxe4 Rxe4 27.Bxd4 Qf4+ 28.Qd2 Rxd4
29.Qxf4 Rxf4 30.Rhe1 Rxc4+ 31.Kb2 Rg4 32.d6 Rd8 33.d7 Kf7 34.Rf1+ Kg8 35.Rfe1
Rxg2+ 36.Kc3 Kf7 37.Rf1+ Kg8 38.Rde1 {#r} 1-0

[Event "It (open)"]
[Site "masterchessopen.com Dieppe (France)"]
[Date "2002.08.03"]
[Round "8"]
[White "Hareux Hubert (FRA)"]
[Black "Pytel Krzysztof (FRA)"]
[Result "0-1"]
[WhiteElo "2246"]
[BlackElo "2405"]

1.d4 e6 2.c4 Nf6 3.Nc3 Bb4 4.Qc2 d6 5.Nf3 Nbd7 6.Bg5 Qe7 7.a3 Bxc3+ 8.Qxc3 b6
9.g3 Bb7 10.Bg2 c5 11.dxc5 Nxc5 12.O-O Rc8 13.Rac1 Nce4 14.Qd3 Nxg5 15.Nxg5
Bxg2 16.Kxg2 O-O 17.Rfd1 Rfd8 18.Kg1 Qb7 19.Qe3 h6 20.Nf3 Qe4 21.Qxe4 Nxe4
22.Ne1 Kf8 23.f3 Nf6 24.e4 Ke7 25.Nd3 Nd7 26.Kf2 Nb8 27.Ke3 Nc6 28.Rc3 Na5
29.Rdc1 Rc7 30.b4 Nc6 31.f4 g5 32.e5 gxf4+ 33.gxf4 dxe5 34.Nxe5 Nd4 35.Rd3
Nf5+ 36.Ke2 f6 37.Rxd8 Kxd8 38.Nd3 Rg7 39.Kf2 Nh4 40.Rg1 Rxg1 41.Kxg1 Nf3+
42.Kg2 Nd2 43.c5 b5 44.Nb2 Kd7 45.Kf2 Kc6 46.Ke2 Nb1 47.Kf3 Nxa3 48.Kg4 Nc4
49.Nd3 Kd5 50.h4 Ne3+ 51.Kh5 Nf5 52.Kg6 Nxh4+ 53.Kxf6 Nf5 54.c6 Nd6 55.c7 Ne8+
{#R} 0-1

[Event "It (open)"]
[Site "masterchessopen.com Arco (Italy)"]
[Round "3"]
[White "Grigore George-Gabriel (ROM)"]
[Black "Vezzosi Paolo (ITA)"]
[Result "1-0"]
[WhiteElo "2491"]
[BlackElo "2363"]

1.d4 Nf6 2.c4 e6 3.Nc3 Bb4 4.Qc2 d6 5.Nf3 Nbd7 6.g3 b6 7.Bg2 Bb7 8.O-O O-O
9.a3 Bxc3 10.Qxc3 a5 11.b3 a4 12.b4 Be4 13.Re1 Qe7 14.Bf1 c5 15.Nd2 Bb7 16.Bb2
Rfd8 17.e4 cxd4 18.Qxd4 Ne8 19.Rac1 Qf6 20.Qxf6 Nexf6 21.f3 Rac8 22.Be2 Ba6
23.Kf2 Kf8 24.Nf1 Ke7 25.Ne3 Rc7 26.Red1 Ne8 27.Rd2 g6 28.Rcd1 Rb8 29.Bd4 b5
30.Rc2 bxc4 31.Nxc4 Rbc8 32.Rdc1 d5 33.exd5 exd5 34.Ne3 Rxc2 35.Nxc2 Bxe2
36.Kxe2 Nd6 37.Kd3 Nb5 38.Re1+ Kd6 39.Re2 Rc4 40.Bb2 Rc8 41.f4 h5 42.Re1 Nf8
43.Nd4 Nxd4 44.Bxd4 Ne6 45.Be5+ Kd7 46.f5 gxf5 47.Rf1 f4 48.Bxf4 Nxf4+ 49.Rxf4
Ke6 50.b5 Rb8 51.Rb4 Ke5 52.b6 Rb7 53.Rb2 f5 54.Rb4 Kd6 55.Kd4 Ke6 56.Rb2 Kd6
57.Rb5 Kc6 58.Rxd5 Rxb6 59.Rxf5 h4 60.gxh4 {#r} 1-0

[Event "It (active) (Gr.A)"]
[Site "masterchessopen.com Cap d'Agde (France)"]
[Round "4"]
[White "Bareev Evgeny (RUS)"]
[Black "Adams Michael (ENG)"]
[Result "1-0"]
[WhiteElo "2715"]
[BlackElo "2740"]

{ Bareev Evgeny (RUS) +19 =14 -1 Adams Michael (ENG) +5 =14 -5 } 1.d4 { 1 }
1...Nf6 2.c4 e6 3.Nc3 Bb4 4.Qc2 d6 ( 4...O-O 5.a3 Bxc3+ 6.Qxc3 Ne4 7.Qc2 f5
8.Nh3 d6 9.f3 Nf6 10.e3 e5 11.dxe5 dxe5 12.Nf2 Nc6 13.b4 f4 14.Bd3 a5 15.b5
fxe3 16.Bxe3 Nd4 17.Bxd4 Qxd4 18.O-O Be6 19.Rfd1 Qc5 20.Kh1 Rad8 21.Ne4 Nxe4
22.Bxe4 Qxc4 23.Bxh7+ Kh8 24.Rdc1 { ...1/2-1/2, Ward Christopher 2486 - Adams
Michael 2731 , Southend 2001 It "Redbus" (KO-system) } ) 5.Nf3 ( 5.Bg5 Nbd7
6.e3 b6 7.Ne2 Bb7 8.a3 Bxc3+ 9.Nxc3 h6 10.Bh4 g5 11.Bg3 Nh5 12.O-O-O Qe7
13.Nb5 Ndf6 14.c5 Nxg3 15.hxg3 dxc5 16.dxc5 bxc5 17.f3 Kf8 18.Nc3 Kg7 19.Na4
Rhd8 20.Rxd8 Rxd8 21.Nxc5 Bc6 22.Ba6 Rd6 23.Kb1 Nd7 24.Rc1 Qf6 { ...1/2-1/2,
Bareev Evgeny 2605 - Aleksic Nenad 2415 , Rome 1990 It (open) } ) 5...Nbd7
6.g3 { = } 6...b6 ( 6...c5 7.Bg2 O-O 8.O-O a6 9.Rd1 Qc7 10.a3 Bxc3 11.Qxc3 Re8
12.b3 b6 13.Bb2 Bb7 14.Rac1 Rac8 15.b4 cxb4 16.axb4 Qb8 17.Qa3 Rc7 18.Bh3 h6
19.Qa1 Bxf3 20.exf3 Qb7 21.f4 d5 22.c5 b5 23.Rc3 Nh7 24.Re1 Ra8 25.f5 Ng5
26.Bg2 { ...0-1, Hillarp Persson Tiger 2461 - Agrest Evgenij 2599 , Skara 2002
Ch Sweden } ) 7.Bg2 Bb7 8.O-O Bxc3 9.Qxc3 a5 { } ( 9...O-O 10.b3 a5 11.Bb2 Rb8
12.Nd2 Bxg2 13.Kxg2 Qe7 14.e4 e5 15.f4 Rfe8 16.Rae1 Rbd8 17.h3 Kh8 18.dxe5
dxe5 19.Nf3 exf4 20.e5 Nh5 21.g4 Ng3 22.e6 fxe6 23.Rxe6 Qf8 24.Ng5 Nxf1 25.Qc2
Nf6 26.Kxf1 Rd7 27.Nxh7 Nxh7 28.Rh6 Qg8 29.g5 { ...0-1, Alatortsev Vladimir A
- Botvinnik Mikhail M 2630 , Leningrad 1930 Ch Leningrad } ) 10.Rd1 { N } (
10.b3 O-O 11.Bb2 Ne4 12.Qe3 Ndf6 ( 12...Nef6 13.Bh3 Re8 14.Nd2 Qe7 15.f4 c5
16.Nf3 a4 17.Rfd1 Bc6 18.Bg2 Be4 19.h3 h6 20.g4 d5 21.Bf1 Bc2 22.Rdc1 Be4
23.Nd2 Bg6 24.Bg2 Qd6 25.Qf2 axb3 26.axb3 Ne4 27.Nxe4 Bxe4 28.Bxe4 dxe4 29.Qe3
f5 { ...1/2-1/2, Barsov Alexei 2534 - Klimm Wolf-Dietrich 2238 , Ubeda 2000 It
(open) } ) 13.Ne1 h6 14.Nd3 d5 15.c5 a4 16.f3 Ng5 17.Rfc1 Ra7 18.Ne5 bxc5
19.dxc5 c6 20.b4 Ra8 21.Bd4 Nd7 22.f4 Nxe5 23.Bxe5 Nh7 24.Qc3 f6 25.Bd6 Rf7
26.e4 f5 27.exf5 exf5 28.b5 Nf6 29.bxc6 Bxc6 { ...1/2-1/2, Giorgadze Giorgi
2580 - Rashkovsky Nukhim N 2530 , Linares 1996 It (open) } ) ( 10.Ne1 Bxg2
11.Nxg2 O-O 12.Qc2 c5 13.Rd1 Qc7 14.dxc5 bxc5 15.Bf4 Ra6 16.Qd3 Ne8 17.g4 Qb7
18.Rd2 Nb8 19.Rad1 Rb6 20.Qc3 e5 21.Bg5 Nc6 22.Ne3 f6 23.Bh4 Nd4 24.Nd5 Ra6
25.Qh3 Nc7 26.Nxc7 Qxc7 27.e3 Ne6 28.Qg2 Rb6 29.Bg3 Nd8 { ...0-1, Van
Scheltinga Theo D 2370 - Hecht Hans-Joachim 2381 , Wijk aan Zee 1971 It (b) }
) 10...O-O 11.b3 h6 { N } ( 11...Qe7 12.Ba3 c5 13.Bb2 Ne4 14.Qe3 f5 15.dxc5
Ndxc5 16.Nd4 e5 17.Nb5 f4 18.gxf4 exf4 19.Qd4 Rf6 20.f3 Rg6 21.Kf1 Qg5 22.Qg1
Bc8 23.Bd4 Qh5 24.Nc7 Ra7 25.Nd5 Rf7 26.fxe4 Bh3 27.Bxc5 Rxg2 28.Qxg2 bxc5 {
0-1, Efimov Igor 2405 - Ambroz Jan 2450 , Prague 1985 It "Bohemians" (a) } ) (
11...Ra7 12.Bb2 Qa8 13.a4 Ne4 14.Qc2 f5 15.Bh3 g5 16.Nd2 g4 17.Bf1 Ng5 18.Qd3
Qe8 19.f4 Ne4 20.Nxe4 Bxe4 21.Qc3 Nf6 22.d5 Ra8 23.Rd2 Qg6 24.dxe6 Rae8 25.c5
Rxe6 26.cxb6 cxb6 27.Rad1 d5 28.Rc1 Nd7 29.Qh8+ Kf7 30.Qd4 Nc5 31.Rxc5 {
...0-1, Voskanian Vahagn 2315 - Roussel-Roozmon Thomas 2251 , Montreal 2001 Ch
Quebec (open) } ) 12.Bb2 Re8 13.Rac1 Qe7 14.d5 Nc5 15.Nd4 Qf8 { ?! } (
15...Qd7 { !? } 16.dxe6 fxe6 17.Bxb7 Nxb7 { } ) 16.Nb5 Rac8 17.Qc2 Qe7 18.e3
Red8 19.a3 a4 20.Bxf6 { ?! } ( 20.b4 { !? } 20...Nb3 21.Rb1 c6 22.Bxf6 { } )
20...Qxf6 21.b4 Nb3 22.Rb1 c5 { ?! } ( 22...Kf8 { !? } 23.Rb2 Qe5 24.Nc3 Ra8 {
} ) 23.dxc6 Rxc6 { ?! } ( 23...Bxc6 { !? } 24.Nxd6 Rc7 25.Bxc6 Rxc6 { } )
24.Nd4 { ? } ( 24.Bxc6 { ! } 24...Bxc6 25.e4 Qf3 26.Re1 { } ) 24...Nxd4
25.exd4 d5 { ?! } ( 25...Rc7 { !? } 26.Bxb7 Rxb7 27.Qxa4 Rc8 { } ) 26.c5 b5
27.Qe2 Ba6 28.Rbc1 Rb8 29.Rc3 Bc8 30.Re3 Bd7 31.f4 Rcc8 32.Re5 g6 33.Qe3 Re8
34.Bf1 Qg7 35.Qf2 f6 { ?! } ( 35...Bc6 { !? } 36.Bd3 h5 37.Re2 Rb7 { } )
36.Re3 Re7 37.Rde1 Rbe8 38.Bd3 Bc6 { ? } ( 38...f5 { ! } 39.Re5 Rb8 40.Qc2
Ree8 { } ) 39.Qe2 g5 40.f5 e5 41.Bxb5 Bxb5 42.Qxb5 Kh7 43.c6 { } {#r} 1-0